000
00304nam a22001337a 4500
003
SGT
020
_a
9780691136158
082
_a
347.014
_b
BAR
100
_a
BARAK AHARON
245
_a
THE JUDGE IN A DEMOCRACY
260
_a
NEW JERSY
_b
PRINCETON UNIVERSITY PRESS
_c
2008
300
_a
332
942
_2
ddc
_c
BK
999
_c
34433
_d
34433